[Event "Tromsoe CC-ch"]
[Site "Tromsoe"]
[Date "2010.??.??"]
[Round "3"]
[White "Andreassen, Leif"]
[Black "Hansen, Ulf R"]
[Result "0-1"]
[WhiteElo "1180"]
[BlackElo "1246"]
[PlyCount "40"]
[EventDate "2010.09.09"]
[EventType "swiss"]
[EventRounds "9"]
[EventCountry "NOR"]
[SourceTitle "EXT 2024"]
[Source "ChessBase"]
[SourceDate "2023.10.10"]
[SourceVersion "1"]
[SourceVersionDate "2023.10.10"]
[SourceQuality "1"]

1. e4 c5 2. Nf3 d6 3. d4 cxd4 4. Nxd4 Nf6 5. Nc3 e6 6. h3 Be7 7. Be3 a6 8. Bd3 0-0 9. Qd2 e5 10. Nf5 Bxf5 11. exf5 Nc6 12. a3 d5 13. Bg5 Re8 14. f3 Rc8 15. Na2 Qd6 16. c3 e4 17. fxe4 Qg3+ 18. Kd1 dxe4 19. Bf4 Qxd3 20. Qxd3 exd3 0-1

[Event "Tromsoe CC-ch"]
[Site "Tromsoe"]
[Date "2010.??.??"]
[Round "2"]
[White "Hansen, Ulf R"]
[Black "Machlik, Jon"]
[Result "0-1"]
[WhiteElo "1246"]
[BlackElo "1304"]
[PlyCount "132"]
[EventDate "2010.09.09"]
[EventType "swiss"]
[EventRounds "9"]
[EventCountry "NOR"]
[SourceTitle "EXT 2024"]
[Source "ChessBase"]
[SourceDate "2023.10.10"]
[SourceVersion "1"]
[SourceVersionDate "2023.10.10"]
[SourceQuality "1"]

1. c4 e5 2. Nc3 Bc5 3. g3 d6 4. Bg2 c6 5. d3 Nf6 6. Bg5 Bf5 7. Ne4 Bxe4 8. Bxe4 h6 9. Bxf6 Qxf6 10. e3 Bb4+ 11. Kf1 Bc5 12. Qd2 Qe6 13. Bf3 d5 14. d4 Bb6 15. dxe5 dxc4 16. Qc3 Nd7 17. Ne2 Nxe5 18. Nd4 Bxd4 19. exd4 Nxf3 20. Qxf3 Qd5 21. Re1+ Kd8 22. Qxd5+ cxd5 23. Re5 Re8 24. Rxd5+ Kc7 25. Rc5+ Kd6 26. Rxc4 Rac8 27. Rb4 b6 28. Kg2 Re2 29. b3 Rxa2 30. Rc4 Rxc4 31. bxc4 Rd2 32. Ra1 a5 33. c5+ Kc6 34. cxb6 Kxb6 35. Rb1+ Ka6 36. Rc1 Rxd4 37. Rc7 Rg4 38. Rxf7 a4 39. f4 a3 40. Rf8 Kb5 41. Rb8+ Kc4 42. Rc8+ Kb3 43. Rb8+ Kc2 44. Rc8+ Kb2 45. Rb8+ Ka1 46. Rb7 Rg6 47. Kf3 a2 48. h4 h5 49. f5 Rg4 50. Rb6 Rc4 51. Rb7 Rc1 52. Kf4 Rb1 53. Ra7 Kb2 54. Kg5 a1Q 55. Rxa1 Rxa1 56. Kxh5 Ra6 57. g4 Rh6+ 58. Kg5 Kc3 59. h5 Kd4 60. Kf4 Kd5 61. g5 Rxh5 62. Kg4 Rh1 63. f6 Ke6 64. fxg7 Kf7 65. g8Q+ Kxg8 66. Kf5 Kf7 0-1